Quizzes
Events
Quiz Creation
Community
Videos
Private Events
Remove Ads
Sign In
Join for FREE
Feedback
Dark Mode
Quiz Categories
Sports
Geography
Music
Movies
Television
Just For Fun
Miscellaneous
History
Literature
Language
Science
Gaming
Entertainment
Religion
Holiday
For Kids
Quiz Lab
Recent
Popular Today
Quiz Kudos Today
Editor Picks
Curator Picks
Quizzes by...
Day
Popularity
Type
Ratings
Length
Year
Community
Subscriptions
Recent Discussions
Orange Saloon
Badges
Playlists
Quests
Create
Leaderboards
Showdown
Live 5
Trivia Bingo
Activity
Puzzle Library
Sporcle Events
Private Events
Virtual Trivia
Globe League
Become a Host
Pub Owners
SporcleCon
Opinionation
Our Games
Videos
Blog
Mobile Apps
Partnerships
Remove Ads and Go Orange
Feedback
Entertainment
Celebrity
Famous
Musical
Broadway
Show
Quote
Comic Books
Anime
Superhero
DC Comics
Marvel
Cartoons
Animation
Entertainment
Celebrity
Famous
Musical
Broadway
Show
Quote
Comic Books
Anime
Superhero
DC Comics
Marvel
Cartoons
Animation
Random Quiz
Search Sporcle
×
Quiz Lab
Quiz Lab
Entertainment
Singers
Type in answers that appear in a list
Type in answers that appear in a list
Classic
Best Score? Go Orange.
Exam 2 Stats
Can you name the composer/singer?
By
Edasaur
5m
37 Questions
2 Plays
2 Plays
2 Plays
Comments
Comments
Give Quiz Kudos
Give Quiz Kudos
-
- Ratings
hide this ad
Random Order
Randomize order of answers
Randomize order of answers
Replay
Link that replays current quiz
Next Quiz
Link to next quiz in quiz playlist
You Got
0%
They Got
Avg Score
33%
Avg Friend Score
Upgrade to see
Score Distribution
Jump to the score distribution portion of the page
Score
0/37
Timer
05:00
0
Plays Today
Song Name:
% Correct
The Twist
Chubby Checker
100%
Hound dog
Elvis Presley
100%
Donna
Ritchie Valens
100%
That'll be the Day
Buddy Holly, Crickets
50%
G I Jive
Louis Jordan
50%
Mambo Baby
Ruth Brown
50%
Sing, Sing, Sing
Benny Goodman
50%
Take the A-
Train
Duke Ellington
50%
Lindy Hop Scene
Hellzapoppin'
50%
Mambo Italiano
Rosemary Clooney
50%
Mama, He Treats Your Daughter Mean
Ruth Brown
50%
Brazil
Xavier Cugat
50%
Taking a Chance on love
Benny Goodman
50%
Maybellene
Chuck Berry
50%
Koko
Duke Ellington
50%
A little bird told me 2
Evelyn Knight
50%
Always
Guy Lambardo
50%
West End Blues
Louis Armstrong
50%
Paper Doll
The Mills Brothers
50%
Song Name:
% Correct
Hoochie Coochie Man
Muddy Waters
50%
Nature boy
Nat King Cole
50%
A little bird told me 1
Paula Watson
50%
High Over the Moon
Mary Ford, Les Paul
0%
Tequila
Danny Flores and the Champs
0%
Hey Good Lookin'
Hank Williams
0%
Shake, Rattle, Roll
Big Joe Turner
0%
Hound Dog
Big Mama Thorton
0%
Shake, Rattle, and Roll
Bill Haley
0%
San Antonio Rose
Bob Wills
0%
Nague
Chano Pozo, Mario Bauza, Machito and Afro-Cubans
0%
One O'clock Jump
Count Basie
0%
Wrappin' it up
Fletcher Henderson
0%
Nancy with a laughing face
Frank Sinatra
0%
It wasn't God who made Honky Tonk Angels
Kitty Wells
0%
Choo Choo Ch'Boogie
Louis Jordan, Tympany Five
0%
Mambo No. 5
Perez Prado
0%
Cool Water
Sons Of the Pioneers, Bob Nolan
0%
Quiz Playlist
Details
Report
Send in Message
Add To Playlist
Classic:
Type in answers that appear in a list
Random Order:
Randomize order of answers
Last Updated: Feb 16, 2017
Quiz Scoreboard
CHALLENGE
Sign Up to Join the Scoreboard
Show All
Scores
Hide
Comments
May contain spoilers
Recently Published
Presidents Visiting Landmarks
by Hejman
History
7m
An Introduction to Baseball
by treessimontrees
Sports
5m
Movies - When Are They Set?
by FPL_Elf
Movies
5m
More to Explore
Quiz From the Vault
Featured Blog Post
Where Did the Easter Bunny Come From?
hide this ad
You Might Also Like...
Tags
Singers Quiz
Composer
Exam
Today's Top Quizzes in Entertainment
Browse Entertainment
hide this ad
Today's Top Quizzes in Singers
Browse Singers
Top Contributed Quizzes in Entertainment
1
7-to-1: DC Comics Villains
2
Marvel Characters Bunker
3
Eurovision 2023 Logic Puzzle
4
Kamen Rider Motifs
5
Dragon Ball Z: Goku's Fights in Order
6
Criteria Quickie: Cartoon Taxonomy II
7
Sorting Pictures: Villains
8
Fictional Villains Letter U Blitz
9
Dragon Ball Z: Mega Character Search
10
Mini Trivia Sudoku: Musicals
Explore More
Trending Topics
Anime
Harry Potter
Disney
NBA
Crossword
Marvel
Kpop
Song
Puzzle
WWE
Pokémon
Soccer
Country
NFL
The Office
hide this ad
More By:
Edasaur
Quiz
Plays
Rating
Category
Featured
Created
Exam 2
2
Entertainment
Mar 21, 2013
Go to Creator's Profile
Score Distribution
Quiz Creator Spotlight
Edasaur
Follow
Send a Message
Quizzes Created
-
Created Quiz Play Count
-
More By This Creator
Popular Quizzes Today
1
Find the US States - No Outlines Minefield
2
Find the Countries of Europe - No Outlines Minefield
3
The Countries of the World
4
Find the US States
5
Popular People in 1961
6
US States
7
Risky Map Clicking: Biggest States A-Z
8
Movies - When Are They Set?
More Entertainment Quizzes
Brady Bunch?
Published
Trending Quizzes
Risky Map Clicking: Least Populous States A-Z
1-10 Letter G Words
1-10 Letter F Words
Risky Map Clicking: Next State Alphabetically
Risky Map Clicking: Biggest States A-Z
Recently Updated
Leaping Animals
pecheneg
Reality TV Shows (A-Z)
bhenderson79
Rickey Henderson's Hall of Fame Teammates
pecheneg
Champions League XIs: Arsenal
pecheneg
Quick Pick: Celebrities in WWE's Hall of Fame
aduchscher
A-Z Keypad Blitz II
pecheneg
Multiple Oscar Actors
pecheneg
Mystery Phrase Blitz: Oscar 'Best Actors'
pecheneg
F. Scott Fitzgerald Novels
LTH
Pick 3 Villains
ddd62291
Trending Topics
Anime
Kpop
Crossword
Disney
Harry Potter
Marvel
NBA
Pokémon
Country
Soccer
The Office
NFL
Puzzle
Song
WWE
Your Account Isn't Verified!
In order to create a playlist on Sporcle, you need to verify the email address you used during registration. Go to your
Sporcle Settings
to finish the process.
Report this User
Report this user for behavior that violates our
Community Guidelines
.
Details:
Send Report
Go to the Sporcle.com Mobile Site →
Comments